محاسبة المصارف والمؤسسات المالية الاسلامية : حالة الأردن = Accounting of Islamic Banks and Financial Institutions : The Case of Jordan / (Record no. 32971)
[ view plain ]
| 000 -LEADER | |
|---|---|
| fixed length control field | 01234nam a2200229Ii 4500 |
| 003 - CONTROL NUMBER IDENTIFIER | |
| control field | JO-AjNU |
| 005 - DATE AND TIME OF LATEST TRANSACTION | |
| control field | 20240623125725.0 |
| 008 - FIXED-LENGTH DATA ELEMENTS--GENERAL INFORMATION | |
| fixed length control field | 230605s9999||||xx |||||||||||||| ||und|| |
| 040 ## - CATALOGING SOURCE | |
| Original cataloging agency | JO-AjNU |
| Language of cataloging | ara |
| Description conventions | rda |
| Transcribing agency | JO-AjNU |
| 041 ## - LANGUAGE CODE | |
| Language code of text/sound track or separate title | ara |
| 100 ## - MAIN ENTRY--PERSONAL NAME | |
| Personal name | الخصاونة، يحيى عبد الله محمود |
| 9 (RLIN) | 65006 |
| Relator term | معد |
| 245 ## - TITLE STATEMENT | |
| Title | محاسبة المصارف والمؤسسات المالية الاسلامية : حالة الأردن = Accounting of Islamic Banks and Financial Institutions : The Case of Jordan / |
| Statement of responsibility, etc. | اعداد يحيى عبدالله محمود الخصاونة ؛ اشراف تركي راجي الحمود |
| 260 ## - PUBLICATION, DISTRIBUTION, ETC. | |
| Date of publication, distribution, etc. | 2011 |
| 300 ## - PHYSICAL DESCRIPTION | |
| Extent | 258 ورقة |
| 336 ## - CONTENT TYPE | |
| Content type term | text |
| Content type code | txt |
| Source | rdacontent |
| 337 ## - MEDIA TYPE | |
| Media type term | unmediated |
| Media type code | n |
| Source | rdamedia |
| 338 ## - CARRIER TYPE | |
| Carrier type term | volume |
| Carrier type code | nc |
| Source | rdacarrier |
| 500 ## - GENERAL NOTE | |
| General note | رسالة جامعية (ماجستير) .- جامعة اليرموك (إربد ، الأردن)، كلية الشريعة والدراسات الاسلامية ، قسم الاقتصاد والمصارف الاسلامية، 2011 |
| 650 ## - SUBJECT ADDED ENTRY--TOPICAL TERM | |
| Form subdivision | البنوك الاسلامية-محاسبة-الاقتصاد الاسلامي-الاردن |
| 700 #1 - ADDED ENTRY--PERSONAL NAME | |
| Personal name | الحمود، تركي راجي |
| 9 (RLIN) | 64635 |
| Relator term | مشرف |
| 942 ## - ADDED ENTRY ELEMENTS (KOHA) | |
| Source of classification or shelving scheme | Library of Congress Classification |
| Koha item type | Thesis |
| Withdrawn status | Lost status | Source of classification or shelving scheme | Damaged status | Not for loan | Home library | Current library | Shelving location | Date acquired | Total Checkouts | Full call number | Barcode | Date last seen | Price effective from | Koha item type |
|---|---|---|---|---|---|---|---|---|---|---|---|---|---|---|
| Library of Congress Classification | مكتبة جامعة عجلون الوطنية | مكتبة جامعة عجلون الوطنية | المجموعات العامة | 23/06/2024 | BP173.758.K4793.2011 | A29403 | 06/06/2023 | 23/06/2024 | Thesis |